000 00314nam a2200133Ia 4500
005 20260328104322.0
008 260328s9999||||xx |||||||||||||| ||und||
100 _aBognar, Botond
245 0 _aJapanese Architecture /
_cBotond Bognar
260 _bRizzoli
300 _a222 p.
650 _aJAPON
942 _cBK
999 _c11392
_d11392